| 000 | 00656cam a2200205 a 4500 | ||
|---|---|---|---|
| 001 | 000001635 | ||
| 003 | DO-SdBNP | ||
| 005 | 20231109084951.0 | ||
| 008 | 820122s1964 fr a 000 0 fre | ||
| 040 |
_aDO-SdBNP _bspa _cBNPHU |
||
| 082 | 4 |
_a303.40943 _bD933s _222 |
|
| 100 | 1 |
_aDupeux, Georges. _95350 |
|
| 245 | 1 | 3 |
_aLa société française : _b1789-1960. / _cGeorges Dupeux. |
| 260 |
_aParis : _bLibrairie Armand Colin, _c1964. |
||
| 300 |
_a295 p. : _bil. ; _c24 cm. |
||
| 490 | 1 | _a"Histoire contemporaine" | |
| 651 | 4 |
_aFrancia _xCondiciones sociales _95351 |
|
| 651 | 4 |
_aFrancia _y1789-1960 _xCondiciones económicas _y1789-1960 _95352 |
|
| 942 |
_2ddc _cLBS1 |
||
| 999 |
_c1525 _d1525 |
||